00865nam a2200193 a 4500008004100000050001300041100002300054245017800077260004000255300001500295350000900310490004600319650001400365650003300379700001900412995010000431999001700531952012300548060630s2005 ||||||||||||||||| || u aIBRD(08) aHerzberg, Benjamin10aCompetitiveness partnerships: building and maintaining public-private dialogue to improve the investment climate:a resource drawn from the review of 40 countries'experiences aWashington, D. C.bWorld Bankc2005 a55p.: ill. a0.00 aWorld Bank policy research working papers 0aECONOMICS aCOMPETITIVENESS PARTNERSHIPS aWright, Andrew D0.00FCBU-MAIN LIBRARY (Kitwe)H1I0.00M1UAVAILABLEWJun 30, 2006ZInternational Publications c38115d38115 00102lcc4070a001b001cInternational Publicationsd2022-11-30l0oIBRD(08)pZ03000597r2022-11-30w2022-11-30y002